000 00339 a2200157 4500
001 74906
020 _a988563877239
040 _cAnchieta - Colégio São Paulo
100 _aCavalcanti, Maria Clara
240 1 0 _aQuibungo
_lpor
245 1 0 _aQuibungo
300 _a35
362 0 _a2011
650 4 _aLiteratura infantil
942 _cBK
999 _c74906
_d74906